British secondary education : (Record no. 44833)
[ view plain ]
| 000 -LEADER | |
|---|---|
| fixed length control field | 00705cam a2200229 a 4500 |
| 001 - CONTROL NUMBER | |
| control field | 44833 |
| 003 - CONTROL NUMBER IDENTIFIER | |
| rucl marc code | BD-RjUL |
| 005 - DATE AND TIME OF LATEST TRANSACTION | |
| control field | 20211209053927.0 |
| 008 - FIXED-LENGTH DATA ELEMENTS--GENERAL INFORMATION | |
| fixed length control field | 801118s1965 ka 001 0 eng d |
| 035 ## - SYSTEM CONTROL NUMBER | |
| System control number | (BD-RjUL)44951 |
| System control number | 2398913 |
| 040 ## - CATALOGING SOURCE | |
| Original cataloging agency | VCAV |
| Language of cataloging | eng |
| Transcribing agency | VCAV |
| Modifying agency | VCAV |
| -- | BD-RjUL |
| 041 ## - LANGUAGE CODE | |
| Language code of text/sound track or separate title | eng |
| 082 04 - DEWEY DECIMAL CLASSIFICATION NUMBER | |
| Classification number | 373.42 |
| Author mark and year | BRI 165 |
| 245 00 - TITLE STATEMENT | |
| Title | British secondary education : |
| Remainder of title | overview and appraisal / |
| Statement of responsibility, etc. | Richard E. Gross, editor, and associates. |
| 260 ## - PUBLICATION, DISTRIBUTION, ETC. (IMPRINT) | |
| Place of publication, distribution, etc. | London : |
| Name of publisher, distributor, etc. | Oxford University Press, |
| Date of publication, distribution, etc. | 1965. |
| 300 ## - PHYSICAL DESCRIPTION | |
| Pagination | iv, 589 p. : |
| Illustrations | ill. ; |
| Size | 22cm. |
| 650 #0 - SUBJECT ADDED ENTRY--TOPICAL TERM | |
| Topical term or geographic name as entry element | Education, Secondary |
| Geographic subdivision | Great Britain. |
| 9 (RLIN) | 137404 |
| 700 1# - ADDED ENTRY--PERSONAL NAME | |
| Personal name | Gross, Richard E. |
| 942 ## - ADDED ENTRY ELEMENTS (KOHA) | |
| Source of classification or shelving scheme | Dewey Decimal Classification |
| Koha item type | Books |
| Lost status | Source of classification or shelving scheme | Damaged status | Not for loan | Collection code | Permanent Location | Current Location | Shelving location | Date acquired | Source of acquisition | Cost, normal purchase price | Total Checkouts | Full call number | Date last seen | Copy number | Koha item type |
|---|---|---|---|---|---|---|---|---|---|---|---|---|---|---|---|
| Dewey Decimal Classification | Non-fiction | Central Library, University of Rajshahi | Central Library, University of Rajshahi | Newspapers Stack | 27/07/1970 | sweet & Zeithlinger | 30.00 | 373.42 BRI 1965 | 20/07/2016 | C-2 | Books |